| 000 | 00624 a2200169 4500 | ||
|---|---|---|---|
| 008 | 130619b xxu||||| |||| 00| 0 eng d | ||
| 020 | _a9780855983635 | ||
| 050 | _a HV1569.3.W65 A68 1997 | ||
| 100 | _aLina Abu-Habib | ||
| 245 |
_aGender and disability : _bwomen's experiences in the Middle East / _cAbu-Habib, Lina |
||
| 260 |
_c1997 _bOxfam |
||
| 300 |
_a vi, 94 p. : _bill., _c22 cm. |
||
| 650 | _aWomen with disabilities -- Middle East. | ||
| 650 | _aWomen with disabilities -- Middle East -- Social conditions. | ||
| 650 | _aDiscrimination against people with disabilities -- Middle East. | ||
| 942 |
_cBK _2lcc |
||
| 999 |
_c41973 _d41973 |
||